Bilecik Bilecik Bilecik Bilecik Bilecik

I. Balıkesir mühendislik sempozyumu : (Record no. 14520)

MARC details
000 -BAŞLIK
Sabit Uzunluktaki Kontrol Alanı 01031nam a22003377a 4500
001 - KONTROL NUMARASI
Control Dosyası 0014557
003 - KONTROL NUMARASI KİMLİĞİ
Kontrol Alanı KOHA_MİRAKIL
005 - EN SON İŞLEM TARİHİ ve ZAMANI
Kontrol Alanı 20260207001959.0
007 - FİZİKSEL TANIM SABİT ALAN - GENEL BİLGİ
Sabit uzunluklu kontrol alanı ta
008 - SABİT UZUNLUKTAKİ VERİ ÖGELERİ - GENEL BİLGİ
Sabit Alan 100304b1988 tu |||gro|||#1|||0|tur |
020 ## - ISBN - ULUSLARARASI STANDART KİTAP NUMARASI
Kullanılabilirlik koşulları YTL0,01
040 ## - KATALOGLAMA KAYNAĞI
Özgün Kataloglama Kurumu TR-BiSEU
Kataloglama Dili tur
Çeviri Kurumu TR-BiSEU
Açıklama Kuralları rda
041 0# - DİL KODU
Metin ya da ses kaydının dil kodu tur
044 ## - YAYINLAYAN/ÜRETEN KURULUŞUN ÜLKE KODU
ISO country code tu
050 ## - SINIFLAMA ve YER NUMARASI
Sınıflama Numarası TA5
Yer Numarası .B35 1988
111 2# - TOPLANTI ADI
Toplantı Adı Balıkesir Mühendislik Sempozyumu ( 1988 : Balıkesir)
9 (RLIN) 33947
245 1# - ESER ADI BİLDİRİMİ
Başlık I. Balıkesir mühendislik sempozyumu :
Alt Eseradı vb. 26-27 Nisan 1988.
264 #1 - ÜRERİM, YAYIN, DAĞITIM ve TELİF BİLDİRİMİ
Yayın yeri Bursa :
Yayınlayan Uludağ Üniversitesi
Yayın tarihi 1988
300 ## - FİZİKSEL TANIMLAMA
Sayfa, Cilt vb. 931 sayfa; 24 cm.
336 ## - İÇERİK TÜRÜ
Content type term metin
Content type code txt
Source rdacontent
337 ## - MEDYA TÜRÜ
Media type term aracısız
Media type code n
Source rdamedia
338 ## - TAŞIYICI TÜRÜ
Carrier type term cilt
Carrier type code nc
Source rdacarrier
490 0# - DİZİ BİLDİRİMİ
Dizi Bildirimi Uludağ Üniversitesi yayın no.
490 0# - DİZİ BİLDİRİMİ
Dizi Bildirimi : 5-002-0164
650 #0 - KONU BAŞLIĞI EK GİRİŞ - KONU TERİMİ
Konusal terim veya coğrafi ad Makine mühendisliği--Kongreler.
9 (RLIN) 33948
650 #0 - KONU BAŞLIĞI EK GİRİŞ - KONU TERİMİ
Konusal terim veya coğrafi ad Mechanical engineering--Congresses.
9 (RLIN) 33949
830 0# - SERİ EK GİRİŞİ - TEKBİÇİM ESER ADI
Tekbiçim Başlık Uludağ Üniversitesi yayın no.
9 (RLIN) 33950
830 0# - SERİ EK GİRİŞİ - TEKBİÇİM ESER ADI
Tekbiçim Başlık : 5-002-0164
9 (RLIN) 33951
907 ## - LOCAL DATA ELEMENT G, LDG (RLIN)
a Sempozyum
942 ## - EK GİRİŞ ÖGELERİ (KOHA)
Source of classification or shelving scheme Library of Congress Classification
Koha item type Book
Holdings
Materyal Türü Kalıcı Konum Mevcut Konum Raf Yeri Sınıflandırma Kaynağı Edinim Bilgisi Ana Konular Alt Konular Yer Numarası Demirbaş Numarası Fatura Tarihi Geri Çekilme Durumu Kayıp Durumu Hasarlı Durumu Kredi için değil Kayıt Tarih Toplam Ödünçverme Son Görülme Tarihi Son Kontrol Tarihi Genel / Bağış Notu
Book Prof. Dr. Azmi Özcan Kütüphanesi Prof. Dr. Azmi Özcan Kütüphanesi Birûni Salonu Library of Congress Classification Bağış TEKNOLOJİ Mühendislik (Genel), İnşaat Mühendisliği (Genel) TA5 .B35 1988 0014557 13/08/2010 Düşüldü   Ciltte Ödünç verilmez 04/03/2010   05/12/2024 05/12/2024 Genel Bağış
Book Prof. Dr. Azmi Özcan Kütüphanesi Prof. Dr. Azmi Özcan Kütüphanesi Birûni Salonu Library of Congress Classification Bağış TEKNOLOJİ Mühendislik (Genel), İnşaat Mühendisliği (Genel) TA5 .B35 1988 0058297 02/02/2026         06/06/2016   05/12/2024 05/12/2024 Nazmi Oruç, Akademisyen